000
00344nam a2200157Ia 4500
008
210430s9999 xx 000 0 und d
020
_a
6/15/11
082
_a
546 S5241 I
245
_a
A.G.Sharpe
250
_a
702p
260
_a
Pearson
300
_a
Inorganic Chemistry
650
_a
India
_9
25356
856
_u
BK
942
_c
GEN
_2
ddc
999
_c
563614
_d
563614